02281nam a2200385 i 4500001001200000003000800012006001900020007001500039008004100054020001800095020002700113040003500140035002100175043001200196050003000208082001400238110017000252245030000422264007700722264001200799300005100811336002100862337002300883338003200906504004100938588010000979590014701079650004701226650004501273655002201318776040001340797001201740856012601752999001701878ebr10889075CaPaEBRm o d cr cn|||||||||140719t20142014dcua ob 000 0 eng d z9780309302906 a9780309301626 (e-book) aCaPaEBRbengerdaepncCaPaEBR a(OCoLC)884590413 an-us---14aQ180.55.I48b.N385 2014eb04a507.22232 aNational Research Council (U.S.).bDivision on Earth and Life Studies.bCommittee on Key Challenge Areas for Convergence and Health, Board on Life Sciences,eauthor.10aConvergence :bfacilitating transdisciplinary integration of life sciences, physical sciences, engineering, and beyond /cCommittee on Key Challenge Areas for Convergence and Health, Board on Life Sciences, Division on Earth and Life Studies, National Research Council of the National Academies. 1aWashington, District of Columbia :bThe National Academies Press,c2014. 4c�2014 a1 online resource (151 pages) :billustrations atext2rdacontent acomputer2rdamedia aonline resource2rdacarrier aIncludes bibliographical references. aDescription based on online resource; title from PDF title page (ebrary, viewed July 17, 2014). aElectronic reproduction. Palo Alto, Calif. : ebrary, 2014. Available via World Wide Web. Access may be limited to ebrary affiliated libraries. 0aInterdisciplinary researchzUnited States. 0aInterdisciplinary researchxMethodology. 0aElectronic books.08iPrint version:aNational Research Council (U.S.). Division on Earth and Life Studies. Committee on Key Challenge Areas for Convergence and Health, Board on Life Sciences.tConvergence : facilitating transdisciplinary integration of life sciences, physical sciences, engineering, and beyond.dWashington, District of Columbia : The National Academies Press, c2014 hxiv, 137 pages z97803093029062 aebrary.40uhttp://site.ebrary.com/lib/rucke/Doc?id=10889075zAn electronic book accessible through the World Wide Web; click to view c30076d30076